Managing for quality and performance excellence / (Record no. 19569)
[ view plain ]
| 000 -LEADER | |
|---|---|
| fixed length control field | 00690nam a22002297a 4500 |
| 003 - CONTROL NUMBER IDENTIFIER | |
| control field | OSt |
| 008 - FIXED-LENGTH DATA ELEMENTS--GENERAL INFORMATION | |
| fixed length control field | 230518b2014 |||||||| |||| 00| 0 eng d |
| 020 ## - INTERNATIONAL STANDARD BOOK NUMBER | |
| International Standard Book Number | 9788131500668 |
| 082 ## - DEWEY DECIMAL CLASSIFICATION NUMBER | |
| Classification number | 658.4013 |
| Item number | EVA-M |
| 100 ## - MAIN ENTRY--PERSONAL NAME | |
| Personal name | Evans, James R. |
| 245 ## - TITLE STATEMENT | |
| Title | Managing for quality and performance excellence / |
| Statement of responsibility, etc | James R. Evans and William M. Lindsay |
| 250 ## - EDITION STATEMENT | |
| Edition statement | 9th ed. |
| 260 ## - PUBLICATION, DISTRIBUTION, ETC. (IMPRINT) | |
| Place of publication, distribution, etc | Delhi : |
| Name of publisher, distributor, etc | Cengage Learning, |
| Date of publication, distribution, etc | 2014. |
| 300 ## - PHYSICAL DESCRIPTION | |
| Extent / Pages | xx, 697 p. ; |
| 650 ## - SUBJECT ADDED ENTRY--TOPICAL TERM | |
| Topical term or geographic name as entry element | Quality assurance |
| 650 ## - SUBJECT ADDED ENTRY--TOPICAL TERM | |
| Topical term or geographic name as entry element | Quality control |
| 650 ## - SUBJECT ADDED ENTRY--TOPICAL TERM | |
| Topical term or geographic name as entry element | Total quality management |
| 650 ## - SUBJECT ADDED ENTRY--TOPICAL TERM | |
| Topical term or geographic name as entry element | Medical care-Quality control |
| 650 ## - SUBJECT ADDED ENTRY--TOPICAL TERM | |
| Topical term or geographic name as entry element | Quality assurance-Health aspects |
| 700 ## - ADDED ENTRY--PERSONAL NAME | |
| Personal name | Lindsay, William M. |
| 942 ## - ADDED ENTRY ELEMENTS (KOHA) | |
| Source of classification or shelving scheme | |
| Koha item type | Books |
| 942 ## - ADDED ENTRY ELEMENTS (KOHA) | |
| -- | 1 |
| Withdrawn status | Lost status | Source of classification or shelving scheme | Damaged status | Not for loan | Home library | Current library | Date acquired | Source of acquisition | Currency | Cost, normal purchase price | Full call number | Barcode | Date last seen | Copy number | Bill Date | Koha item type | Bill Number | Total Checkouts | Total Renewals | Date last borrowed |
|---|---|---|---|---|---|---|---|---|---|---|---|---|---|---|---|---|---|---|---|---|
| SOBD Library | SOBD Library | 18/05/2023 | Vedi Books | INR | 750.00 | 658.4013 EVA-M1 | 003473 | 18/05/2023 | 1 | 17/04/2023 | Reference Books | VEDI/23-24/04/11 | ||||||||
| SOBD Library | SOBD Library | 18/05/2023 | Vedi Books | INR | 750.00 | 658.4013 EVA-M2 | 003474 | 18/05/2023 | 2 | 17/04/2023 | Books | VEDI/23-24/04/11 | ||||||||
| SOBD Library | SOBD Library | 18/05/2023 | Vedi Books | INR | 750.00 | 658.4013 EVA-M3 | 003475 | 18/05/2023 | 3 | 17/04/2023 | Books | VEDI/23-24/04/11 | ||||||||
| SOBD Library | SOBD Library | 18/05/2023 | Vedi Books | INR | 750.00 | 658.4013 EVA-M4 | 003476 | 31/01/2026 | 4 | 17/04/2023 | Books | VEDI/23-24/04/11 | 1 | 1 | 23/09/2025 | |||||
| SOBD Library | SOBD Library | 18/05/2023 | Vedi Books | INR | 750.00 | 658.4013 EVA-M5 | 003477 | 18/05/2023 | 5 | 17/04/2023 | Books | VEDI/23-24/04/11 | ||||||||
| SOBD Library | SOBD Library | 18/05/2023 | Vedi Books | INR | 750.00 | 658.4013 EVA-M6 | 003478 | 18/05/2023 | 6 | 17/04/2023 | Books | VEDI/23-24/04/11 |